Größte Reiche aller Zeiten - Statistiken

Allgemein
  • Dieses Quiz wurde 178 mal gespielt
  • Das Durchschnittsergebnis liegt bei 7 aus 36
Antwortstatistiken
Fläche in Mio km2 Reich/Staat % Korrekt
5,0 Römisches Reich
87%
24,0 Mongolisches Reich
68%
5,2 Osmanisches Reich
62%
35,5 Britisches Kolonialreich
59%
11,5 2. Französisches Kolonialreich
56%
13,7 Spanisches Kolonialreich
52%
22,8 Russisches Kaiserreich
49%
22,3 Sowjetunion
49%
10,4 Portugiesisches Kolonialreich
39%
8,5 Japanisches Kaiserreich
37%
8,337 Kaiserreich Brasilien
19%
5,2 Makedonisches Reich
15%
6,5 Östliche Han Dynastie
15%
6,0 Westliche Han Dynastie
15%
14,7 Qing Dynastie
12%
6,5 Ming Dynastie
10%
4,0 Mogulreich
10%
4,0 Hunnenreich
8%
9,67 Vereinigte Staaten von Amerika
8%
4,429 Kaiserreich Mexiko
5%
11,1 Kalifat der Umayyaden
5%
10,0 Yuan Dynastie
5%
6,0 Goldene Horde
4%
5,4 Tang Dynastie
4%
7,1 Iberische Union
2%
4,4 Timuridenreich
2%
5,5 Achämenidenreich
1%
11,1 Kalifat der Abbasiden
1%
6,0 Khanat der Göktürken
1%
5,0 Maurya Reich
1%
4,6 Tibetisches Reich
1%
9,0 Xiongnureich
1%
4,0 Hephthalitenreich
0%
4,1 Kalifat der Fatimiden
0%
6,4 Kalifat der Rashidun
0%
4,0 Osttürkisches Khanat
0%
Keine übereinstimmenden Quizze gefunden
Verteilung der Resultate
Anzahl Personen mit jedem Resultat
Perzentil nach korrekt beantworteten Fragen
Ihre Resultats-Entwicklung
Sie haben dieses Quiz noch nicht gespielt